Advertising strategy : (Registro nro. 64438)
[ vista simple ]
| 000 -LEADER | |
|---|---|
| fixed length control field | 01075cam a2200313 i 4500 |
| 001 - CONTROL NUMBER | |
| control field | 64438 |
| 003 - CONTROL NUMBER IDENTIFIER | |
| control field | Mx-PuUPA |
| 005 - DATE AND TIME OF LATEST TRANSACTION | |
| control field | 20241120110435.0 |
| 008 - FIXED-LENGTH DATA ELEMENTS--GENERAL INFORMATION | |
| fixed length control field | 160312s2022 miua fr 000 j eng d |
| 020 ## - INTERNATIONAL STANDARD BOOK NUMBER | |
| International Standard Book Number | 9781711494906 |
| 040 ## - CATALOGING SOURCE | |
| Original cataloging agency | Mx-PuUPA |
| Transcribing agency | Mx-PuUPA |
| Language of cataloging | spa |
| Modifying agency | Mx-PuUPA |
| Description conventions | rda |
| 041 0# - LANGUAGE CODE | |
| Language code of text/sound track or separate title | eng |
| 100 1# - MAIN ENTRY--PERSONAL NAME | |
| Personal name | Rucker, Derek D., |
| Dates associated with a name | 1977- |
| Relator term | autor |
| 9 (RLIN) | 16462 |
| 245 10 - TITLE STATEMENT | |
| Title | Advertising strategy : |
| Remainder of title | a strategist's guidebook / |
| Statement of responsibility, etc. | Derek D. Rucker |
| 250 ## - EDITION STATEMENT | |
| Edition statement | 6th edition |
| 264 #1 - PRODUCTION, PUBLICATION, DISTRIBUTION, MANUFACTURE, AND COPYRIGHT NOTICE | |
| Place of production, publication, distribution, manufacture | Livonia, MI : |
| Name of producer, publisher, distributor, manufacturer | XanEdu, |
| Date of production, publication, distribution, manufacture, or copyright notice | ©2022 |
| 300 ## - PHYSICAL DESCRIPTION | |
| Extent | 298 páginas : |
| Other physical details | ilustraciones (en blanco y negro) ; |
| Dimensions | 25 cm |
| 336 ## - CONTENT TYPE | |
| Content type term | texto |
| Content type code | txt |
| Fuente | rdacontent |
| 337 ## - MEDIA TYPE | |
| Source | rdamedia |
| Media type term | sin medio |
| Media type code | n |
| 338 ## - CARRIER TYPE | |
| Source | rdacarrier |
| Carrier type term | volumen |
| Carrier type code | nc |
| 650 #7 - SUBJECT ADDED ENTRY--TOPICAL TERM | |
| Source of heading or term | armarc |
| Topical term or geographic name entry element | Publicidad |
| General subdivision | Administración |
| 650 #7 - SUBJECT ADDED ENTRY--TOPICAL TERM | |
| Source of heading or term | armarc |
| Topical term or geographic name entry element | Planificación estrategica |
| 650 #7 - SUBJECT ADDED ENTRY--TOPICAL TERM | |
| Source of heading or term | armarc |
| Topical term or geographic name entry element | Publicidad |
| 650 #7 - SUBJECT ADDED ENTRY--TOPICAL TERM | |
| Source of heading or term | armarc |
| Topical term or geographic name entry element | Mercadeo |
| 942 ## - ADDED ENTRY ELEMENTS (KOHA) | |
| Source of classification or shelving scheme | Dewey Decimal Classification |
| Koha item type | Libro |
| Classification part | 659.1068 |
| Item part | R88 |
| Withdrawn status | Lost status | Source of classification or shelving scheme | Damaged status | Not for loan | Collection code | Home library | Current library | Shelving location | Date acquired | Source of acquisition | Cost, normal purchase price | Total Checkouts | Full call number | Barcode | Date last seen | Copy number | Cost, replacement price | Price effective from | Koha item type |
|---|---|---|---|---|---|---|---|---|---|---|---|---|---|---|---|---|---|---|---|
| Dewey Decimal Classification | General | Biblioteca Karol Wojtyla | Biblioteca Karol Wojtyla | Sala general | 13/11/2024 | 2 | 2307.33 | 659.1068 R88 2022 | 105612 | 05/01/2026 | Ej.2 | 2307.33 | 13/11/2024 | Reserva permanente | |||||
| Dewey Decimal Classification | General | Biblioteca Karol Wojtyla | Biblioteca Karol Wojtyla | Sala general | 13/11/2024 | 2 | 2307.33 | 659.1068 R88 2022 | 105611 | 05/01/2026 | 2307.33 | 13/11/2024 | Reserva permanente |